Modelovanie a projektovanie organizačnej štruktúry obchodného úseku na GR VHJ záverečná práca postgraduálneho štúdia

Saved in:
Bibliographic Details
Main Author: Blažek, Ľubomír
Corporate Author: Vysoká škola ekonomická v Bratislave
Other Authors: Sedlák, Mikuláš
Format: Book
Language:Slovak
Published: Bratislava 1987
Tags: Add Tag
No Tags, Be the first to tag this record!

MARC

LEADER 00000nam a2200000 4500
001 c036560
005 20230116095141.9
041 0 |a slo 
044 |a SK 
245 1 0 |a Modelovanie a projektovanie organizačnej štruktúry obchodného úseku na GR VHJ  |b záverečná práca postgraduálneho štúdia  |c Ľubomír Blažek ; Ved. práce Mikuláš Sedlák 
264 1 |a Bratislava  |c 1987 
300 |a 53 s. 
100 1 |a Blažek, Ľubomír 
700 1 |a Sedlák, Mikuláš 
710 2 |a Vysoká škola ekonomická v Bratislave